000 00299nam a22001337a 4500
008 170424b xxu||||| |||| 00| 0 eng d
020 _a0932883044
041 _aeng
080 _a54
100 _a12
101 _aSHM
245 _aSTUDY GUIDE TO CLINICAL CHEMISTRY
_cTIETZ, N.W
942 _2udc
_cBK
999 _c11602
_d11602